000 00801cam a2200193 a 4500
020 _a0538612177
050 0 0 _aHF 5356
_b.D27 1992
245 0 0 _aIntroduction to business :
_bthe economy and you /
_cAnne Scott Daughtrey ... [et al.].
250 _a2nd ed.
260 _aCincinnati :
_bSouth-Western Pub. Co.,
_cc1992.
300 _ax, 662 p. :
500 _aRev. ed. of: Introduction to business / Anne Scott Daughtrey, Robert A. Ristau, Steven A. Eggland. c1986.
500 _a"Retains much of the ... context developed through 12 editions of General business for economic understanding"--Pref.
500 _aAppendix A, Finding and using information sources: p. 603-609.
500 _aIncludes index.
700 1 _aDaughtrey, Anne Scott.
700 1 _aDaughtrey, Anne Scott.
942 _2lcc
_cGEN
999 _c5394
_d5394